Organoterapia y opoterapia / (Record no. 21245)

MARC details
000 -LEADER
campo de control de longitud fija 00609nam a2200193 i 4500
001 - NÚMERO DE CONTROL
campo de control 21245
003 - IDENTIFICADOR DE NÚMERO DE CONTROL
campo de control ES-MaACL
005 - FECHA Y HORA DE LA ÚLTIMA TRANSACCIÓN
campo de control 20250905130919.0
007 - CAMPO FIJO DE DESCRIPCIÓN FÍSICA--INFORMACIÓN GENERAL
campo de control de longitud fija t|
008 - DATOS DE LONGITUD FIJA--INFORMACIÓN GENERAL
campo de control de longitud fija 021122s1912 sp |||| | spa d
100 1# - ENTRADA PRINCIPAL--NOMBRE DE PERSONA
Nombre de persona Albasanz Echevarría, Salvador.
9 (RLIN) 19248
245 10 - MENCIÓN DEL TÍTULO
Título Organoterapia y opoterapia /
Mención de responsabilidad, etc. por Salvador Albasan Echevarría ; prólogo de Manuel Márquez.
260 ## - PUBLICACIÓN, DISTRIBUCIÓN, ETC.
Lugar de publicación, distribución, etc. Zaragoza :
Nombre del editor, distribuidor, etc. [s.n.,
Fecha de publicación, distribución, etc. 1912] (
Fabricante Tip. Pedro Carra)
300 ## - DESCRIPCIÓN FÍSICA
Extensión 251 p. ;
Dimensiones 22 cm.
650 #4 - PUNTO DE ACCESO ADICIONAL DE MATERIA--TÉRMINO DE MATERIA
Término de materia o nombre geográfico como elemento de entrada Opoterapia.
9 (RLIN) 165142
700 1# - ENTRADA AGREGADA--NOMBRE PERSONAL
Nombre de persona Márquez, Manuel,
Fechas asociadas al nombre 1872-1962
9 (RLIN) 77011
852 ## - LOCALIZACIÓN
Ubicación ES-MaACL
Número de control de estantería F-2133
Holdings
Estatus retirado Estado de pérdida Estado de daño No para préstamo Biblioteca de origen Biblioteca actual Ubicación en estantería Fecha de adquisición Fuente de adquisición Total de préstamos Signatura topográfica completa Código de barras Visto por última vez Precio de reemplazo Tipo de ítem Koha
        Biblioteca del Ateneo de Madrid Biblioteca del Ateneo de Madrid Depósito 2 17/01/2008     F-2133 1021823 23/02/2023 23/02/2023 Libro impreso